[Event "DRUZYNOWE MISTRZOSTWA POLSKI 2014 - SYGNITY EKSTRALIGA"]
[Site "Gorzow Wlkp, Wroclaw, Katowice"]
[Date "2014-00-00"]
[Round "8.9"]
[White "Gajek, Radoslaw"]
[Black "Weichhold, Pawel"]
[Result "0-1"]
[WhiteTitle "FM"]
[BlackTitle "m"]
[WhiteElo "2346"]
[BlackElo "2394"]

1. e4 c5 2. Nf3 Nc6 3. d4 cxd4 4. Nxd4 g6 5. c4 Bg7 6. Be3 d6 7. Nc3 Nf6 8. Be2
O-O 9. O-O Bd7 10. Nb3 Be6 11. f4 Na5 12. Nd2 Rc8 13. Nd5 Nc6 14. Rc1 Nd7 15.
Nc3 Bd4 16. Bxd4 Nxd4 17. f5 gxf5 18. exf5 Bxf5 19. Bg4 Bg6 20. h4 f5 21. h5 Nf6
22. Nde4 Nxg4 23. Qxd4 e5 24. Qd3 fxe4 25. Qh3 Bf5 26. Rxf5 Qb6+ 27. Kh1 Nf2+
28. Rxf2 Qxf2 29. Nxe4 Qf4 30. Re1 Rxc4 31. Nxd6 Rc6 32. Rd1 Kh8 33. Qe6 e4 34.
h6 Qf6 35. Qxf6+ Rxf6 36. Nxe4 Rxh6+ 37. Kg1 Rc7 38. Rd2 Rhc6 39. Rd8+ Kg7 40.
Nd6 Kf6 41. Ne4+ Ke5 42. Nc3 Rg7 43. Rd2 Rcg6 44. Kh2 a6 45. Nd1 Rd6 46. Re2+
Kd4 47. Rd2+ Kc5 48. Rc2+ Kb6 49. Ne3 Re6 50. Nd5+ Ka7 51. Kg1 Rd7 52. Nc3 Red6
53. Re2 Rd2 54. Kf2 b5 55. Ne4 Rxe2+ 56. Kxe2 Kb6 57. g4 Kc6 58. g5 Rf7 59. Ke3
Kd5 60. Nf6+ Rxf6 61. gxf6 Ke6 62. Kd4 0-1

[Event "DRUZYNOWE MISTRZOSTWA POLSKI 2014 - SYGNITY EKSTRALIGA"]
[Site "Gorzow Wlkp, Wroclaw, Katowice"]
[Date "2014-00-00"]
[Round "8.10"]
[White "Brodowski, Piotr"]
[Black "Kukula, Pawel"]
[Result "1-0"]
[WhiteTitle "m"]
[BlackTitle "k+"]
[WhiteElo "2428"]
[BlackElo "2266"]

1. c4 Nf6 2. Nc3 g6 3. Nf3 Bg7 4. g3 O-O 5. Bg2 d6 6. O-O e5 7. d4 Nbd7 8. h3 c6
9. Qb3 exd4 10. Nxd4 Nc5 11. Qa3 a5 12. Rd1 Re8 13. Bf4 Nh5 14. Nxc6 bxc6 15.
Bxd6 Nb7 16. Bxc6 Re6 17. Nb5 Qb6 18. Qf3 Nxd6 19. Rxd6 Rb8 20. Bd5 Qc5 21. Rd8+
Bf8 22. Bxe6 fxe6 23. Nd6 Qxd6 24. Rxd6 Bxd6 25. Rd1 Be7 26. Qc6 Kf7 27. Qc7 Ra8
28. Rd8 1-0

[Event "DRUZYNOWE MISTRZOSTWA POLSKI 2014 - SYGNITY EKSTRALIGA"]
[Site "Gorzow Wlkp, Wroclaw, Katowice"]
[Date "2014-00-00"]
[Round "8.11"]
[White "Krainski, Aleksander"]
[Black "Czakon, Jakub"]
[Result "0-1"]
[WhiteTitle "FM"]
[BlackTitle "IM"]
[WhiteElo "2220"]
[BlackElo "2472"]

1. Nf3 Nf6 2. d4 b5 3. Bf4 e6 4. e3 b4 5. Bd3 c5 6. O-O Nc6 7. a3 Bb7 8. c4 bxc3
9. Nxc3 cxd4 10. exd4 Ne7 11. Nb5 Ned5 12. Nd6+ Bxd6 13. Bxd6 Qb6 14. Bc5 Qc7
15. Rc1 Qb8 16. Bb5 a6 17. Ba4 Nf4 18. Ne5 Bxg2 19. Qd2 Bxf1 20. Rxf1 N4d5 21.
Qa5 Qd8 22. Qxd8+ Rxd8 23. Re1 Ne7 24. Nc4 Nfd5 25. Nd6+ Kf8 26. Rc1 g6 27. b4
Kg7 28. Bc2 Nf5 29. Bd3 Nxd6 30. Bxd6 Rc8 31. Ra1 Rc6 32. Bg3 d6 33. f3 Rhc8 34.
Kf2 f5 35. Ke2 g5 36. Kd2 Kf6 37. Rb1 Nf4 38. Bxf4 gxf4 39. a4 Rg8 40. d5 Rg2+
41. Be2 exd5 42. Kd3 Rxh2 43. b5 axb5 44. Rxb5 Rc5 45. Rb6 Ke5 46. Rb8 d4 47.
Kxd4+ 0-1

[Event "DRUZYNOWE MISTRZOSTWA POLSKI 2014 - SYGNITY EKSTRALIGA"]
[Site "Gorzow Wlkp, Wroclaw, Katowice"]
[Date "2014-00-00"]
[Round "8.12"]
[White "Przezdziecka, Ewa"]
[Black "Czarnota, Dorota"]
[Result "1-0"]
[WhiteTitle "WFM"]
[BlackTitle "WIM"]
[WhiteElo "2165"]
[BlackElo "2208"]

1. d4 Nf6 2. Nf3 g6 3. g3 Bg7 4. Bg2 O-O 5. O-O d6 6. a4 a5 7. Nc3 Nc6 8. e4 Bg4
9. h3 Bxf3 10. Bxf3 Qc8 11. Bg2 e5 12. d5 Nb4 13. Ne2 Nh5 14. g4 Nf6 15. Bd2 c6
16. Bxb4 axb4 17. dxc6 Qxc6 18. c3 Nxe4 19. Ng3 d5 20. Nxe4 dxe4 21. cxb4 f5 22.
Qb3+ Kh8 23. b5 Qf6 24. a5 Bh6 25. gxf5 gxf5 26. Kh1 Rg8 27. Rg1 Rad8 28. a6 bxa6
29. bxa6 Ra8 30. a7 Rgd8 31. Qb7 Bf4 32. b4 Qf8 33. b5 Bd2 34. b6 Bc3 35. Rac1
Rac8 36. Qa6 Qd6 37. Qb5 Rc5 38. Qb3 Qc6 39. b7 Rb5 40. Qxb5 Qxb5 41. a8=Q 1-0

[Event "DRUZYNOWE MISTRZOSTWA POLSKI 2014 - SYGNITY EKSTRALIGA"]
[Site "Gorzow Wlkp, Wroclaw, Katowice"]
[Date "2014-00-00"]
[Round "8.13"]
[White "Klekowski, Maciej"]
[Black "Swiercz, Dariusz"]
[Result "0-1"]
[WhiteTitle "m"]
[BlackTitle "GM"]
[WhiteElo "2425"]
[BlackElo "2614"]

1. c4 Nf6 2. Nf3 g6 3. d4 Bg7 4. g3 c5 5. Bg2 O-O 6. dxc5 Qa5+ 7. Nbd2 Qxc5 8.
O-O Nc6 9. a3 d6 10. h3 Qb6 11. Ra2 d5 12. Qa4 Be6 13. b3 Bd7 14. cxd5 Nxd5 15.
Bb2 Ncb4 16. Qxd7 Nxa2 17. Qxd5 Bxb2 18. Nc4 Qxb3 19. Nfd2 Qc3 20. Rb1 Bc1 21.
Rb3 Qc2 22. Rd3 Rad8 23. Qxd8 Rxd8 24. Rxd8+ Kg7 25. Bxb7 Bxd2 0-1

[Event "DRUZYNOWE MISTRZOSTWA POLSKI 2014 - SYGNITY EKSTRALIGA"]
[Site "Gorzow Wlkp, Wroclaw, Katowice"]
[Date "2014-00-00"]
[Round "8.14"]
[White "Bartel, Mateusz"]
[Black "Matuszewski, Michal"]
[Result "1/2-1/2"]
[WhiteTitle "GM"]
[BlackTitle "IM"]
[WhiteElo "2652"]
[BlackElo "2450"]

1. e4 c5 2. Nf3 d6 3. d4 cxd4 4. Nxd4 Nf6 5. Nc3 a6 6. Qd3 e5 7. Nf5 Bxf5 8. exf5
h6 9. Be2 d5 10. O-O Nc6 11. Rd1 e4 12. Qg3 Qa5 13. Bd2 O-O-O 14. Nxe4 Nxe4 15.
Bxa5 Nxg3 16. Bxd8 Nxe2+ 17. Kf1 Ned4 18. Bb6 Nxf5 19. Rxd5 Nfe7 20. Rd2 Ng6 21.
Rad1 Be7 22. g3 Bd8 23. Bxd8 Rxd8 24. Rxd8+ Nxd8 25. f4 Ne7 26. Kf2 Kc7 27. Ke3
Nf5+ 28. Kf3 Nc6 29. c3 h5 30. h3 Nd6 31. g4 hxg4+ 32. hxg4 g6 33. b3 Nd8 34.
c4 Ne6 35. Ke3 Kc6 36. Rf1 Kc5 37. Rd1 Kc6 38. Rf1 Kc5 39. Rd1 Kc6 40. Rf1 Kc5
41. Ke4 1/2-1/2

[Event "DRUZYNOWE MISTRZOSTWA POLSKI 2014 - SYGNITY EKSTRALIGA"]
[Site "Gorzow Wlkp, Wroclaw, Katowice"]
[Date "2014-00-00"]
[Round "8.15"]
[White "Mikrut, Dariusz"]
[Black "Mastrovasilis, Dimitrios"]
[Result "1/2-1/2"]
[WhiteTitle "IM"]
[BlackTitle "GM"]
[WhiteElo "2363"]
[BlackElo "2605"]

1. d4 d5 2. c4 e6 3. Nf3 c6 4. Qc2 dxc4 5. Qxc4 Nf6 6. Qc2 b6 7. Nc3 c5 8. Bg5
Nbd7 9. O-O-O Be7 10. dxc5 bxc5 11. e4 O-O 12. Bb5 a6 13. Ba4 h6 14. Bh4 Nh5 15.
Bxe7 Qxe7 16. Qd2 Nb6 17. Qd6 Qxd6 18. Rxd6 Nxa4 19. Nxa4 Bb7 20. Nc3 Nf4 21.
g3 Nh3 22. Rf1 a5 23. Ng1 Ra6 24. Rd7 Bc6 25. Rd6 Bb7 26. Rd7 Bc6 27. Rd6 Bb7
1/2-1/2

[Event "DRUZYNOWE MISTRZOSTWA POLSKI 2014 - SYGNITY EKSTRALIGA"]
[Site "Gorzow Wlkp, Wroclaw, Katowice"]
[Date "2014-00-00"]
[Round "8.16"]
[White "Moranda, Wojciech"]
[Black "Brzeski, Maciej"]
[Result "1-0"]
[WhiteTitle "GM"]
[BlackTitle "m"]
[WhiteElo "2593"]
[BlackElo "2333"]

1. d4 Nf6 2. c4 c5 3. d5 b5 4. cxb5 a6 5. e3 g6 6. Nc3 Bg7 7. a4 O-O 8. e4 d6 9.
Nf3 e6 10. dxe6 fxe6 11. e5 dxe5 12. Qxd8 Rxd8 13. Bg5 Bb7 14. Nxe5 axb5 15. Bxb5
Bxg2 16. Rg1 Bb7 17. Nd3 Rc8 18. Bxf6 Bxf6 19. O-O-O Kf7 20. f4 Bd4 21. Rg5 Na6
22. h4 Nc7 23. Bd7 Rd8 24. Nxc5 e5 25. Nxb7 Rxd7 26. Rxe5 Ne6 27. f5 gxf5 28.
Rxf5+ Kg6 29. Rb5 Rb8 30. Nd6 Rbd8 31. h5+ Kg7 32. Nf5+ Kf6 33. Ne4+ Kf7 34. Kb1
Rd5 35. Rb7+ R5d7 36. Rxd7+ Rxd7 37. a5 Rd5 38. Nxd4 Rxd4 39. Rxd4 Nxd4 40. a6
Nc6 41. b4 Na7 42. b5 1-0

[Event "DRUZYNOWE MISTRZOSTWA POLSKI 2014 - SYGNITY EKSTRALIGA"]
[Site "Gorzow Wlkp, Wroclaw, Katowice"]
[Date "2014-00-00"]
[Round "8.17"]
[White "Barski, Radoslaw"]
[Black "Sadzikowski, Daniel"]
[Result "0-1"]
[WhiteTitle "k++"]
[BlackTitle "IM"]
[WhiteElo "2263"]
[BlackElo "2496"]

1. e4 c5 2. Nf3 d6 3. d4 cxd4 4. Nxd4 Nf6 5. Nc3 a6 6. Be3 e5 7. Nb3 Be6 8. Qf3
Nbd7 9. h3 Rc8 10. O-O-O Rxc3 11. bxc3 Qc7 12. Kb2 Be7 13. g4 Nb6 14. Bxb6 Qxb6
15. c4 O-O 16. c5 dxc5 17. c4 a5 18. a4 h6 19. Rg1 Qb4 20. h4 b5 21. g5 hxg5 22.
hxg5 Nd7 23. axb5 Nb6 24. Rh1 Na4+ 25. Kb1 Bg4 0-1

[Event "DRUZYNOWE MISTRZOSTWA POLSKI 2014 - SYGNITY EKSTRALIGA"]
[Site "Gorzow Wlkp, Wroclaw, Katowice"]
[Date "2014-00-00"]
[Round "8.18"]
[White "Zawadzka, Jolanta"]
[Black "Kulon, Klaudia"]
[Result "1-0"]
[WhiteTitle "WGM"]
[BlackTitle "WIM"]
[WhiteElo "2414"]
[BlackElo "2378"]

1. e4 e5 2. Nf3 Nc6 3. Bb5 a6 4. Ba4 d6 5. c3 Bd7 6. d4 g6 7. O-O Bg7 8. Re1 h6
9. h3 b5 10. Bc2 Nf6 11. Be3 O-O 12. Nbd2 Qe7 13. a3 Ne8 14. b4 f5 15. exf5 gxf5
16. dxe5 dxe5 17. Bc5 Nd6 18. Nxe5 Nxe5 19. f4 Bc6 20. fxe5 Bxe5 21. Nf3 Bxf3
22. Qxf3 Rae8 23. Re3 Qg7 24. Rf1 f4 25. Qd5+ Kh8 26. Ref3 Rg8 27. R1f2 Nc4 28.
Bb3 Rd8 29. Qc6 Qg5 30. Bd4 Rxd4 31. cxd4 Bxd4 32. Kh1 Ne5 33. Qc2 Rf8 34. Qxc7
Bxf2 35. Rxf2 f3 36. Kg1 Re8 37. Qc3 Qf6 38. Bd5 Kg7 39. Bxf3 Qb6 40. Bh5 Re6
41. Qg3+ Kh7 42. Kh2 Rf6 43. Re2 Ng6 44. Bxg6+ Rxg6 45. Re7+ Kg8 46. Qb3+ Kh8
47. Re8+ Kh7 48. Qf7+ Rg7 49. Qf5+ Qg6 50. Qxg6+ Rxg6 51. Re7+ Kg8 52. Ra7 Rc6
53. h4 Rd6 54. g4 Rd2+ 55. Kg3 Rd3+ 56. Kf4 Rxa3 57. Kf5 Rg3 58. Rxa6 h5 59. g5
Rg4 60. Kf6 Rc4 61. Ra8+ 1-0

[Event "DRUZYNOWE MISTRZOSTWA POLSKI 2014 - SYGNITY EKSTRALIGA"]
[Site "Gorzow Wlkp, Wroclaw, Katowice"]
[Date "2014-00-00"]
[Round "8.19"]
[White "Areshchenko, Alexander"]
[Black "Leniart, Arkadiusz"]
[Result "1/2-1/2"]
[WhiteTitle "GM"]
[BlackTitle "IM"]
[WhiteElo "2654"]
[BlackElo "2481"]

1. e4 e5 2. Nf3 Nc6 3. d4 exd4 4. Nxd4 Bc5 5. Nb3 Bb4+ 6. Nc3 Nf6 7. Bd3 d5 8.
O-O dxe4 9. Nxe4 Nxe4 10. Bxe4 Qxd1 11. Rxd1 Bd7 12. Be3 O-O-O 13. Bd5 f6 14.
c3 Bd6 15. Nc5 Bxc5 16. Bxc5 b6 17. Be3 Ne5 18. h3 Bc6 19. Bb3 Kb7 20. Bd4 Rhe8
21. Bc2 Ng6 22. Bxg6 hxg6 23. Be3 g5 24. Rxd8 Rxd8 25. Re1 Re8 26. f3 a5 27. Kf2
a4 28. Bd4 Rxe1 29. Kxe1 Bd5 30. a3 Kc6 31. Kd2 Kb5 32. Bf2 Bc4 33. h4 gxh4 34.
Bxh4 Bf1 35. g4 Kc4 36. g5 fxg5 37. Bxg5 c6 38. Bd8 b5 39. f4 g6 40. Bc7 Kb3 1/2-1/2

[Event "DRUZYNOWE MISTRZOSTWA POLSKI 2014 - SYGNITY EKSTRALIGA"]
[Site "Gorzow Wlkp, Wroclaw, Katowice"]
[Date "2014-00-00"]
[Round "8.20"]
[White "Kuzmicz, Krystian"]
[Black "Gajewski, Grzegorz"]
[Result "0-1"]
[WhiteTitle "IM"]
[BlackTitle "GM"]
[WhiteElo "2457"]
[BlackElo "2643"]

1. c4 e5 2. g3 c6 3. Bg2 d5 4. cxd5 cxd5 5. d4 e4 6. Nc3 Nf6 7. Bg5 Bb4 8. Rc1
O-O 9. Nh3 Nbd7 10. O-O Bxc3 11. Rxc3 h6 12. Bxf6 Nxf6 13. Qb3 Qd6 14. Rfc1 Bd7
15. f3 Bc6 16. fxe4 Nxe4 17. Bxe4 dxe4 18. e3 Bd5 19. Qb5 g5 20. b3 Rad8 21. Qa5
Qe6 22. Nf2 f5 23. Re1 Rd7 24. Rc7 Rxc7 25. Qxc7 Rc8 26. Qa5 f4 27. Ng4 Kg7 28.
Ne5 Rc2 29. g4 fxe3 30. Rxe3 Qf6 31. Qe1 Qf4 0-1

[Event "DRUZYNOWE MISTRZOSTWA POLSKI 2014 - SYGNITY EKSTRALIGA"]
[Site "Gorzow Wlkp, Wroclaw, Katowice"]
[Date "2014-00-00"]
[Round "8.21"]
[White "Socko, Bartosz"]
[Black "Shkapenko, Pavel"]
[Result "1-0"]
[WhiteTitle "GM"]
[BlackTitle "IM"]
[WhiteElo "2611"]
[BlackElo "2420"]

1. d4 Nf6 2. c4 e6 3. Nf3 Bb4+ 4. Bd2 Qe7 5. g3 Nc6 6. Nc3 Bxc3 7. Bxc3 Ne4 8.
Rc1 O-O 9. Bg2 d6 10. d5 Nxc3 11. Rxc3 Nb8 12. dxe6 fxe6 13. O-O Nd7 14. Nd4 Nf6
15. Nc2 Rb8 16. e4 e5 17. Ne3 Bd7 18. Qc2 g6 19. c5 Bc6 20. b4 a6 21. a4 Qd7 22.
Ra1 Rbe8 23. cxd6 cxd6 24. Nc4 Kh8 25. h4 Rd8 26. Na5 d5 27. Nxc6 bxc6 28. Rxc6
dxe4 29. Re1 Qd4 30. Rc4 Qd2 31. Qxd2 Rxd2 32. Bf1 Nh5 33. Re2 Rd1 34. Rcxe4 Nxg3
35. fxg3 Rfxf1+ 36. Kg2 Rg1+ 37. Kf3 Rd3+ 38. R2e3 Rxe3+ 39. Rxe3 Rb1 40. Rxe5
Rxb4 41. Ra5 Rb6 42. g4 Kg7 43. g5 Kf7 44. Re5 Rb1 45. Re4 Rd1 46. Rf4+ Ke6 47.
Ke4 a5 48. Rf6+ Ke7 49. Ke5 Rh1 50. Rf4 Rd1 51. Rc4 Kd7 52. Kf6 Re1 53. Kg7 Re7+
54. Kg8 Kd6 55. Rf4 Kc5 56. Rf7 Rxf7 57. Kxf7 Kb4 58. Kg7 Kxa4 59. Kxh7 Kb4 60.
h5 a4 61. hxg6 a3 62. g7 a2 63. g8=Q a1=Q 64. Qf8+ Kc4 65. g6 Qb1 66. Qf6 Qe4
67. Kg7 Kd3 68. Qd6+ Ke2 69. Kf7 Qf5+ 70. Qf6 Qh5 71. Kf8 Qh6+ 72. Ke7 Kd3 73.
g7 Qe3+ 74. Qe6 Qg5+ 75. Kf7 Qf4+ 76. Ke8 Qb8+ 77. Ke7 1-0

[Event "DRUZYNOWE MISTRZOSTWA POLSKI 2014 - SYGNITY EKSTRALIGA"]
[Site "Gorzow Wlkp, Wroclaw, Katowice"]
[Date "2014-00-00"]
[Round "8.22"]
[White "Bartel, Michal"]
[Black "Miton, Kamil"]
[Result "0-1"]
[WhiteTitle "FM"]
[BlackTitle "GM"]
[WhiteElo "2325"]
[BlackElo "2593"]

1. e4 c5 2. Nf3 d6 3. Bb5+ Bd7 4. Bxd7+ Nxd7 5. O-O Ngf6 6. Qe2 e6 7. c3 Be7 8.
d4 O-O 9. Rd1 d5 10. exd5 exd5 11. h3 Re8 12. Be3 c4 13. Nbd2 Bd6 14. Re1 b5 15.
Nf1 a5 16. Qc2 Qc7 17. Qf5 g6 18. Qg5 b4 19. Bd2 Ne4 20. Qxd5 Ndf6 21. Qb5 a4
22. Ne3 a3 23. bxa3 bxc3 24. Bc1 Rec8 25. Nd5 Qa5 26. Nxf6+ Nxf6 27. a4 Qxa4 28.
Qg5 Ra6 29. Rb1 Qc2 30. Rb5 Rxa2 31. Be3 Ne4 32. Qh4 Bg3 33. Qg4 Bxf2+ 34. Bxf2
Qxf2+ 35. Kh2 Re8 36. Rg5 Re2 37. Rxe2 Qxe2 38. Re5 Rxe5 39. dxe5 Nd2 40. Nd4
Qxg4 41. hxg4 Nf1+ 42. Kg1 Ne3 43. Ne2 Nxg4 44. Nxc3 Nxe5 45. Kf2 f6 0-1

[Event "DRUZYNOWE MISTRZOSTWA POLSKI 2014 - SYGNITY EKSTRALIGA"]
[Site "Gorzow Wlkp, Wroclaw, Katowice"]
[Date "2014-00-00"]
[Round "8.23"]
[White "Bulski, Krzysztof"]
[Black "Kos, Pawel"]
[Result "1-0"]
[WhiteTitle "GM"]
[BlackTitle "k"]
[WhiteElo "2520"]
[BlackElo "2241"]

1. d4 Nf6 2. c4 g6 3. f3 d5 4. cxd5 Nxd5 5. e4 Nb6 6. Nc3 Bg7 7. Be3 Nc6 8. d5
Ne5 9. Bd4 O-O 10. f4 Ng4 11. Bxg7 Kxg7 12. h3 Nf6 13. g4 e6 14. Qd4 c5 15. Qxc5
exd5 16. O-O-O Bd7 17. exd5 Na4 18. Qd4 Nxc3 19. bxc3 Kg8 20. Nf3 Rc8 21. Kb2
Nxd5 22. Qxd5 Qb6+ 23. Qb3 Qf2+ 24. Rd2 Qxf3 25. Bg2 Qg3 26. c4 Qxb3+ 27. axb3
Rc7 28. Re1 Be6 29. Bd5 Bxd5 30. Rxd5 Rb8 31. f5 Kg7 32. Rd6 b5 33. f6+ Kh6 34.
Re7 Rbb7 35. Rxc7 Rxc7 36. cxb5 Kg5 37. Ka3 Kh4 38. Rd3 Kg5 39. Rf3 Rb7 40. Ka4
Rb6 41. Ka5 Rd6 42. Rc3 Rd7 43. b6 Kxf6 44. b4 Ke5 45. bxa7 Rxa7+ 46. Kb6 Ra4
47. b5 Rb4 48. g5 f5 49. gxf6 Kxf6 50. Ka6 Kg5 51. b6 Kh4 52. b7 Rb1 53. Rc5 Rxb7
54. Kxb7 Kxh3 55. Kc6 Kg4 56. Kd5 Kf4 57. Rc4+ Kg3 58. Ke4 h5 59. Rc3+ Kg4 60.
Rc1 1-0

[Event "DRUZYNOWE MISTRZOSTWA POLSKI 2014 - SYGNITY EKSTRALIGA"]
[Site "Gorzow Wlkp, Wroclaw, Katowice"]
[Date "2014-00-00"]
[Round "8.24"]
[White "Gasik, Anna"]
[Black "Socko, Monika"]
[Result "0-1"]
[WhiteTitle "WIM"]
[BlackTitle "GM"]
[WhiteElo "2233"]
[BlackElo "2460"]

1. e4 c6 2. d4 d5 3. Nc3 dxe4 4. Nxe4 Bf5 5. Ng3 Bg6 6. N1e2 e6 7. Nf4 Bd6 8. Ngh5
Bxh5 9. Nxh5 g6 10. Ng3 Nf6 11. c3 Nbd7 12. Be3 Qc7 13. Qc2 Ng4 14. Qe4 Nxe3 15.
Qxe3 O-O-O 16. Ne4 Bf4 17. Qh3 f5 18. g3 fxe4 19. gxf4 Qxf4 20. Bg2 e5 21. dxe5
Kc7 22. e6 Ne5 23. O-O Rd3 24. f3 exf3 25. Rae1 f2+ 26. Rxf2 Qxf2+ 27. Kxf2 Rxh3
28. Rxe5 Rxh2 29. Kg3 Rh5 30. Re2 Re8 31. Bh3 Kd6 32. Rd2+ Rd5 33. Rf2 Rd3+ 34.
Kg2 h5 35. Rf7 Rd2+ 36. Kg3 Re7 0-1

[Event "DRUZYNOWE MISTRZOSTWA POLSKI 2014 - SYGNITY EKSTRALIGA"]
[Site "Gorzow Wlkp, Wroclaw, Katowice"]
[Date "2014-00-00"]
[Round "8.25"]
[White "Maksimenko, Andrei"]
[Black "Kolosowski, Mateusz"]
[Result "1/2-1/2"]
[WhiteTitle "GM"]
[BlackTitle "IM"]
[WhiteElo "2493"]
[BlackElo "2471"]

1. d4 Nf6 2. c4 g6 3. Nc3 d5 4. Nf3 Bg7 5. h4 c6 6. cxd5 cxd5 7. Bf4 Nc6 8. e3
O-O 9. Be2 Bg4 10. O-O e6 11. Nd2 Bxe2 12. Nxe2 Nh5 13. Bg5 f6 14. Bf4 Nxf4 15.
Nxf4 Qd6 16. Nb3 b6 17. Rc1 Bh6 18. Ne2 a5 19. a3 Ne7 20. g3 e5 21. Rc3 e4 22.
Nd2 g5 23. hxg5 fxg5 24. Kg2 Rf6 25. Ng1 Raf8 26. Qg4 Bg7 27. Nh3 Rf5 28. f3 exf3+
29. Rxf3 h6 30. Nf2 Qg6 31. e4 dxe4 32. Rxf5 Nxf5 33. Qxe4 Bxd4 34. Rc6 Ne3+ 35.
Kg1 Qxe4 36. Nfxe4 Nf1+ 37. Kh1 Bxb2 38. Rxb6 Nxd2 39. Nxd2 Bxa3 40. Rxh6 Kg7
41. Ra6 Bb4 42. Nb3 Rf5 43. Nd4 Rd5 44. Nc6 Bc3 45. Kg2 Rf5 46. Kh3 Rc5 47. Kg4
Bd2 48. Nd8 Rb5 49. Rd6 Bb4 50. Ra6 Bd2 51. Rd6 Bc3 52. Ne6+ Kf7 53. Nxg5+ Ke7
54. Ra6 Kd7 55. Ne4 Bb2 56. Kf3 Kc7 57. Nd6 Rb4 58. Ne8+ Kd8 59. Ra8+ Kd7 60.
Rxa5 Kxe8 61. Kg2 Kf7 62. Rd5 Ke6 63. Rd3 Kf5 64. Rf3+ Kg5 65. Kh3 Be5 66. Ra3
Re4 67. Rb3 Rc4 68. Rf3 Rc8 69. Ra3 Rc2 70. Rb3 Bd4 71. Rd3 Bg1 72. Rd5+ Kf6 73.
Rd1 Bc5 74. Rd3 Kf5 75. Rf3+ Ke4 76. Rb3 Rf2 77. Rc3 Bd4 78. Ra3 Rb2 79. Kg4 Rb8
80. Kh3 Be3 81. Ra6 Rf8 82. Kg2 Kd3 83. Ra2 Bd2 84. Ra3+ Ke2 85. Rb3 Rf2+ 86.
Kh3 Kf1 87. Rb1+ Be1 88. Rb3 Kg1 89. Re3 Rh2+ 90. Kg4 Bf2 91. Rb3 Rh8 92. Kf5
Rf8+ 93. Ke4 Rg8 94. Kf4 Kg2 95. g4 Bh4 96. Rb2+ Kh3 97. Rb3+ Kg2 98. Rb2+ Bf2
1/2-1/2

[Event "DRUZYNOWE MISTRZOSTWA POLSKI 2014 - SYGNITY EKSTRALIGA"]
[Site "Gorzow Wlkp, Wroclaw, Katowice"]
[Date "2014-00-00"]
[Round "8.26"]
[White "Kolago, Marcin"]
[Black "Heberla, Bartlomiej"]
[Result "0-1"]
[WhiteTitle "m"]
[BlackTitle "GM"]
[WhiteElo "2338"]
[BlackElo "2567"]

1. e4 c5 2. c3 Nf6 3. e5 Nd5 4. d4 cxd4 5. Nf3 e6 6. Bc4 Nb6 7. Bb3 d6 8. Bg5 Be7
9. Bxe7 Qxe7 10. exd6 Qxd6 11. Qxd4 Qxd4 12. Nxd4 Bd7 13. Na3 Nc6 14. O-O-O Nxd4
15. Rxd4 Bc6 16. f3 Rd8 17. Nc2 Rxd4 18. Nxd4 Bd7 19. Bc2 Nc4 20. Re1 Kd8 21.
f4 Nd6 22. Re5 Re8 23. Re3 h6 24. Rg3 g6 25. Nf3 Ke7 26. Ne5 Rc8 27. Rh3 h5 28.
Nxd7 Kxd7 29. b3 Ke7 30. Rd3 Rc5 31. g3 h4 32. c4 hxg3 33. hxg3 Rh5 34. Rc3 Rh1+
35. Kb2 Rh2 36. Ka3 Kd7 37. Kb4 Kc7 38. c5 Ne8 39. Ka3 Nf6 40. Bd3 Rg2 41. Bb5
a6 42. Ba4 a5 43. Rd3 Rc2 44. b4 axb4+ 45. Kxb4 Rxa2 46. Kb3 Ra1 47. Bb5 Rc1 48.
Kb4 Nd5+ 49. Kb3 Nf6 50. Kb4 Nd5+ 51. Kb3 Rb1+ 52. Ka4 Rb4+ 53. Ka5 Re4 54. Be8
f5 55. Kb5 Rb4+ 56. Ka5 Rb1 57. Ka4 Nf6 58. Bxg6 Ne4 59. Ka3 Nxc5 60. Re3 Rg1
61. Bh5 Kd6 62. Kb2 Kd5 63. Bf7 Rg2+ 64. Kb1 Ne4 65. Rd3+ Kc4 66. Ra3 Nc5 67.
Re3 Kd5 68. Kc1 b5 69. Re5+ Kd6 70. Re3 Ne4 71. Be8 Rxg3 72. Rxg3 Nxg3 73. Bxb5
Nh5 74. Kd2 Nxf4 75. Ke3 Nd5+ 76. Kf3 e5 77. Ba6 e4+ 78. Kf2 Ke5 79. Bb7 f4 80.
Ke2 Kd4 81. Kd2 f3 82. Bc6 Nb4 83. Bb7 e3+ 84. Kd1 e2+ 85. Kd2 Nd3 0-1

[Event "DRUZYNOWE MISTRZOSTWA POLSKI 2014 - SYGNITY EKSTRALIGA"]
[Site "Gorzow Wlkp, Wroclaw, Katowice"]
[Date "2014-00-00"]
[Round "8.27"]
[White "Bobras, Piotr"]
[Black "Mulet, Piotr"]
[Result "1-0"]
[WhiteTitle "GM"]
[BlackTitle "FM"]
[WhiteElo "2535"]
[BlackElo "2227"]

1. e4 e6 2. d4 d5 3. Nc3 Bb4 4. e5 c5 5. a3 Bxc3+ 6. bxc3 Ne7 7. Qg4 O-O 8. Bd3
f5 9. exf6 Rxf6 10. Bg5 Rf7 11. Qh5 g6 12. Qd1 Nbc6 13. Nf3 c4 14. Be2 Qa5 15.
Bd2 Nf5 16. h4 Nd6 17. h5 Ne4 18. hxg6 hxg6 19. Kf1 Bd7 20. Qc1 Raf8 21. Be1 Qd8
22. Qe3 Rf4 23. g3 R4f7 24. Rh2 Qf6 25. Kg1 g5 26. Ne5 Nxe5 27. dxe5 Qe7 28. f3
Qc5 29. Qxc5 Nxc5 30. Bf2 Na4 31. Bd4 Rg7 32. Kf2 Be8 33. Ke3 Bg6 34. Kd2 b6 35.
Rah1 Nc5 36. Be3 Bh7 37. Rh5 Rf5 38. g4 Rxe5 39. Bd4 Nd7 40. f4 Rxe2+ 41. Kxe2
e5 42. fxe5 Nf8 43. e6 Rg6 44. e7 Re6+ 45. Kd2 Rxe7 46. Rxg5+ 1-0

[Event "DRUZYNOWE MISTRZOSTWA POLSKI 2014 - SYGNITY EKSTRALIGA"]
[Site "Gorzow Wlkp, Wroclaw, Katowice"]
[Date "2014-00-00"]
[Round "8.28"]
[White "Wiewiora, Eneasz"]
[Black "Jaracz, Pawel"]
[Result "1/2-1/2"]
[WhiteTitle "k"]
[BlackTitle "GM"]
[WhiteElo "2218"]
[BlackElo "2505"]

1. e4 c5 2. c3 Nf6 3. e5 Nd5 4. d4 cxd4 5. cxd4 d6 6. Bc4 e6 7. Nf3 Be7 8. O-O
O-O 9. Qe2 Nc6 10. exd6 Qxd6 11. Rd1 b6 12. Nc3 Nxc3 13. bxc3 Bb7 14. Bd3 Rfe8
15. Ng5 Bxg5 16. Bxg5 Ne7 17. Qg4 Ng6 18. h4 f5 19. Qh3 h6 20. h5 Nf4 21. Bxf4
Qxf4 22. Re1 Rac8 23. Re3 Bd5 24. Rae1 Rf8 25. Ba6 Rc7 26. a4 Rf6 27. Qh2 Qxh2+
28. Kxh2 f4 29. Rh3 f3 30. c4 Bc6 31. gxf3 Bxa4 32. Kg3 Bc6 33. Re3 Rd7 34. Rh4
Rdf7 35. f4 Rf8 36. c5 Rd8 37. cxb6 axb6 38. Rb3 Rxd4 39. Rxb6 e5 40. f5 Rxh4
41. Kxh4 Be4 42. Bc4+ Kh7 43. Rb8 Bxf5 44. Bg8+ Kh8 45. Bf7+ Kh7 46. Bg8+ 1/2-1/2

[Event "DRUZYNOWE MISTRZOSTWA POLSKI 2014 - SYGNITY EKSTRALIGA"]
[Site "Gorzow Wlkp, Wroclaw, Katowice"]
[Date "2014-00-00"]
[Round "8.29"]
[White "Grabarczyk, Miroslaw"]
[Black "Raszka, Janusz"]
[Result "1/2-1/2"]
[WhiteTitle "GM"]
[BlackTitle "k"]
[WhiteElo "2480"]
[BlackElo "2101"]

1. d4 d5 2. c4 dxc4 3. Nf3 Nf6 4. e3 e6 5. Bxc4 a6 6. O-O c5 7. dxc5 Qxd1 8. Rxd1
Bxc5 9. Be2 b5 10. a4 bxa4 11. Nc3 Nbd7 12. Nxa4 Be7 13. Nd2 Bb7 14. Nc4 O-O 15.
Na5 Be4 16. Nc3 Bc2 17. Rd2 Bg6 18. Nc6 Bc5 19. b4 Rac8 20. bxc5 Rxc6 21. Ba3
Nxc5 22. Rad1 Re8 23. Rd6 Rcc8 24. Bb4 a5 25. Bxc5 Rxc5 26. Na4 Rcc8 27. Bb5 Rf8
28. Ra1 Rfd8 29. Rxd8+ Rxd8 30. Nc5 Rd5 31. Rxa5 h6 32. Be2 Kh7 33. Nb3 Rxa5 34.
Nxa5 Nd7 35. f3 e5 36. Kf2 Bc2 37. Nc6 f6 38. Bc4 Nc5 39. g4 Bb3 40. Bb5 g6 41.
h4 g5 42. h5 Kg7 43. Na5 Bd5 44. Bc4 Bxc4 45. Nxc4 Nb7 46. Nd2 Nd6 47. e4 Kf7
48. Ke3 Ke7 49. Kd3 Kd7 50. Nb3 Kc6 51. Kc3 Nb5+ 52. Kc4 Na3+ 53. Kd3 Nb5 54.
Na5+ Kb6 55. Nc4+ Kc5 56. Ne3 Nd4 57. Nd5 Nxf3 58. Nxf6 Nh2 59. Ke2 Kd6 60. Ng8
Nxg4 61. Kf3 Nh2+ 62. Kg2 Ng4 63. Kg3 Ne3 64. Nxh6 Ke6 65. Ng4 Nc4 66. Kf3 Kf7
67. Nh6+ Kf6 68. Nf5 Nd2+ 69. Ke3 Nb3 70. Nh6 Nc5 71. Kf3 g4+ 72. Nxg4+ Kg5 73.
h6 Kg6 74. Ke3 Kh7 75. Kf3 Nd7 76. Kg3 Kg6 77. Kh4 Nc5 78. Nxe5+ 1/2-1/2

[Event "DRUZYNOWE MISTRZOSTWA POLSKI 2014 - SYGNITY EKSTRALIGA"]
[Site "Gorzow Wlkp, Wroclaw, Katowice"]
[Date "2014-00-00"]
[Round "8.30"]
[White "Mareckova, Martina"]
[Black "Jaracz, Barbara"]
[Result "1-0"]
[WhiteTitle "WFM"]
[BlackTitle "WGM"]
[WhiteElo "2097"]
[BlackElo "2253"]

1. e4 e5 2. Nf3 Nc6 3. Bc4 Nf6 4. d3 Be7 5. Nbd2 O-O 6. Bb3 d5 7. O-O Bg4 8. c3
d4 9. Bc2 Nd7 10. h3 Bh5 11. g4 dxc3 12. bxc3 Bg6 13. a4 Na5 14. Qe2 c5 15. Rd1
Qc7 16. Rb1 Rfd8 17. Nf1 c4 18. d4 f6 19. Ne3 Nb6 20. Nf5 Bxf5 21. gxf5 Nb3 22.
Be3 Kh8 23. Nh4 Kg8 24. Rxb3 cxb3 25. Bxb3+ Kf8 26. Qh5 Nc4 27. Qxh7 Rac8 28.
Ng6+ Kf7 29. Bh6 Bf8 30. Nh8+ Ke7 31. Qg6 Kd6 32. Nf7+ Kc6 33. Nxd8+ Rxd8 34.
Bxc4 gxh6 35. Qxf6+ Qd6 36. Bd5+ Kc7 37. Qxe5 Qxe5 38. dxe5 Bc5 39. Kg2 Re8 1-0